000 00980nas a2200313 4500
001 BR2010005105
003 BR-BrBNA
005 20231205114732.0
007 ta
008 230509b bl.|||p| |||| 00| 00por d
040 _aBR-BrBNA
_bpor
_cBiblioteca Nacional de Agricultura
041 _a(En)
072 _aQ02; J11
100 1 _aSouto, R.F.
100 1 _aDurigan, J.F.
100 1 _aSantos, L.O.
100 1 _aSouza, B.S. de
100 1 _aMenegucci, J.L.P.
245 1 _aCaracterísticas químicas de abacaxi 'perola' após tratamento com calor e armazenagem em três temperaturas
650 _aABACAXI
650 _aANANAS COMOSUS
650 _aTRATAMENTO TÉRMICO
650 _aPROPRIEDADE FISÍCO-QUÍMICA
650 _aESCURECIMENTO
650 _aARMAZENAMENTO
773 0 _tRevista Brasileira de Fruticultura (Brazil)
_xISSN 0100-2945
_g(Mar 2010), v. 32(1) p. 47-56
_wBR2010005105
909 _a202311
_bLúcia
_c55
_dLúcia Elande
942 _2AGRIS
_n0
_cANA
999 _c210221
_d210221